Degradácia hyaluronanu účinkom reaktívnych foriem kyslíka - Štúdium protektívnych účinkov nových liečiv
Enregistré dans:
| Auteur principal: | |
|---|---|
| Autres auteurs: | |
| Format: | Manuscrit Livre |
| Langue: | slovaque |
| Sujets: | |
| Accès en ligne: | http://is.stuba.sk/zp/portal_zp.pl?podrobnosti=82427 |
| Tags: |
Pas de tags, Soyez le premier à ajouter un tag!
|
MARC
| LEADER | 00000ntm a22000003a 4500 | ||
|---|---|---|---|
| 001 | stuzp23166 | ||
| 003 | SK-STU | ||
| 005 | 20190306142802.1 | ||
| 007 | ta | ||
| 008 | 150427s2015----xo-----f-mn---000-0-slo-d | ||
| 040 | |a STU |b slo | ||
| 041 | 0 | |a slo | |
| 100 | 1 | |a Baňasová, Mária |u 043260 |4 aut |U FCHPT Ústav biochémie, výživy a ochrany zdravia |T FCHPT Oddelenie biochémie a mikrobiológie |X 8227 |U C3260 |Y 113 |7 8227 | |
| 242 | 0 | 1 | |a Degradation of hyaluronan by reactive oxygen species - study of protective effects of new drugs |y eng |
| 245 | 1 | 0 | |a Degradácia hyaluronanu účinkom reaktívnych foriem kyslíka - Štúdium protektívnych účinkov nových liečiv |
| 650 | 4 | |a antioxidanty |2 slo | |
| 650 | 4 | |a rotačná viskozimetria |2 slo | |
| 650 | 4 | |a voľné radikály |2 slo | |
| 650 | 4 | |a hyalurónan |2 slo | |
| 650 | 4 | |a free radicals |2 eng | |
| 650 | 4 | |a rotational viscometry |2 eng | |
| 650 | 4 | |a hyaluronan |2 eng | |
| 650 | 4 | |a antioxidants |2 eng | |
| 700 | 1 | |a Juránek, Ivo |4 ths | |
| 856 | 4 | |u http://is.stuba.sk/zp/portal_zp.pl?podrobnosti=82427 | |
| SQL | |a stuzp23166 |b DDZ |c SLO |d Degradácia hyaluronanu účinkom reaktívnych foriem kyslíka - Štúdium protektívnych účinkov nových liečiv |e 8227 |f Baňasová, Mária |g 043260 |h 62054 |i Juránek, Ivo |j 20140826 |k 133 |l 04 |m http://is.stuba.sk/zp/portal_zp.pl?podrobnosti=82427 | ||